Elementary principles of carpentry (Record no. 114031)

MARC details
000 -LEADER
fixed length control field 01197cam a22002055a 4500
001 - CONTROL NUMBER
control field L156101
008 - FIXED-LENGTH DATA ELEMENTS--GENERAL INFORMATION
fixed length control field 120430s1853 xxk f 000 0 eng d
035 ## - SYSTEM CONTROL NUMBER
System control number (Sirsi) u156101
041 0# - LANGUAGE CODE
Language code of text/sound track or separate title eng
100 1# - MAIN ENTRY--PERSONAL NAME
Personal name Tredgold, Thomas
Dates associated with a name 1788-1829
245 00 - TITLE STATEMENT
Title Elementary principles of carpentry
Remainder of title a treatise on the pressure and equilibrium of timber framing, the resistance of timber, and the construction of floors, centres, bridges, roofs; uniting iron and stone with timber, etc. With practical rules and examples. To which is added an essay on the nature and properties of timber ... also numerous tables ... Illustrated by fifty-three engravings, a portrait of the author, and several wood cuts
250 ## - EDITION STATEMENT
Edition statement Fourth edition, corrected and considerably enlarged
Remainder of edition statement With an appendix, containing specimens of various ancient and modern roofs, by Peter Barlow ...
260 ## - PUBLICATION, DISTRIBUTION, ETC.
Place of publication, distribution, etc. London
Name of publisher, distributor, etc. John Weale
Date of publication, distribution, etc. 1853
300 ## - PHYSICAL DESCRIPTION
Extent xxiv, 334 p.
Other physical details front. (port.) illus. (incl. tables) 53 plates (part fold.)
Dimensions 29 x 22 cm.
583 ## - ACTION NOTE
Action Condition reviewed
Time/date of action 20120620
Status condition level 4
651 #4 - SUBJECT ADDED ENTRY--GEOGRAPHIC NAME
Geographic name Great Britain
Chronological subdivision 1707-
690 ## - LOCAL SUBJECT ADDED ENTRY--TOPICAL TERM (OCLC, RLIN)
Topical term or geographic name as entry element Building materials and defects
700 1# - ADDED ENTRY--PERSONAL NAME
Personal name Barlow, Peter
Dates associated with a name 1776-1862
942 ## - ADDED ENTRY ELEMENTS (KOHA)
Suppress in OPAC 0
Holdings
Withdrawn status Lost status Source of classification or shelving scheme Damaged status Not for loan Home library Current library Shelving location Date acquired Total Checkouts Full call number Barcode Date last seen Copy number Price effective from Koha item type
    Dewey Decimal Classification     Historic collection Historic collection Historic collection 30/04/2012   QUARTO 1853 TREDGOLD 30077975 06/08/2019 1 06/08/2019 Book